Tilastot visalle Sanat - "Mestaripiirros" - Anna Puu

Klikkaa tästä pelataksesi tätä visaa!

Yleistilastot

  • Tätä visaa on pelattu 145 kertaa
  • Keskiarvotulos 57 / 72

Vastaustilastot

Vastaus% Oikein
ei
99%
ei
99%
hän
99%
hän
99%
kun
99%
Luoja
99%
piirtämään
99%
siinä
99%
Sinä
99%
sinut
99%
sinut
99%
teki
99%
käteen
98%
kynän
98%
muuta
98%
otti
98%
Päivä
98%
päivänä
98%
tehnytkään
98%
oli
92%
rupes
92%
aikaisin
91%
heräs
91%
kuin
85%
Mestari
84%
valmisti
84%
kului
83%
ollut
83%
sut
83%
oi
82%
piirtäjä
82%
hurmoksessa
81%
ihme
81%
kaivannut
81%
mut
81%
kaunis
80%
lepoa
80%
olis
80%
suorastaan
80%
niin
78%
kuva
77%
Se
77%
aivan
75%
jumalaisen
75%
muodon
75%
sai
75%
hetkenkään
70%
jos
67%
rupeis
67%
uskomaan
67%
kaikki
65%
kuolevaisten
65%
lait
65%
näkis
65%
päde
65%
vaan
65%
luojaa
64%
merkkas
64%
edes
63%
epäilevät
63%
ettei
63%
jotka
63%
kerran
63%
ne
63%
suhun
63%
kuvan
61%
vastaukseksi
61%
viereen
60%
että
59%
Niille
59%
sanon
59%
yhä
57%

Tulosjakauma

Persentiili vastausten määrän mukaan

Jokaisen tuloksen saaneiden osuus

Tuloshistoriasi

Et ole pelannut tätä visaa